000 00438nmm a2200157Ia 4500
008 251105s9999||||xx |||||||||||||||||und||
020 _a9781558852204
041 _aspa
100 _aColón-Vilá, Lilian
245 0 _aSalsa
264 _a[Washington, Estados Unidos] :
_bArte Público Press,
_c1998
300 _a32 páginas
650 _aAges 6-8 Years Old
856 _uhttps://public.digitaliapublishing.com/a/23188
942 _cCF
999 _c74673
_d74673